000 00720nam a2200241 i 4500
001 105548
003 ES-MaACL
005 20251015063112.0
007 t|
008 060724s1948 fr ||||1| fre d
080 _a32(44)"1945/58"
080 _a32(100)"1945/55"
100 1 _aAron, Raymond,
_d1905-1983
_923155
245 1 3 _aLe grand schisme /
_cRaymond Aron.
260 _a[Paris] :
_bGallimard,
_c[1948]
300 _a346 p. ;
_c21 cm.
500 _aBiblioteca Juan Andrade.
650 4 _aPolítica mundial-
_y1945-1955.
_916302
651 4 _aFrancia-
_xPolítica y gobierno-
_y1945-1958.
_98708
852 _aES-MaACL
_jAND-371
_bR.109675
852 _aES-MaACL
_jD-8120
999 _c105548
_d105548